• 首页
  • 本馆介绍
  • 公告通知
  • 最新文献
  • 馆藏检索
  • 电子资源
  • 读者导购
  • 参考咨询
  • 我的图书馆
  • 登录
  • 详细信息显示
  • 放入我的书架
  • 预约/预借图书
  • 作者相关作品
  • 分类相关作品
  • 丛书相关作品
  • 出版社相关作品

书目信息

  • 表格格式
  • 工作单格式
  • 卡片格式
题名:
外国语言研究论文索引
    
 
作者: 孙志 , 周俊 , 庞志雄 主编
分册:  
出版信息: 上海   上海外语教育出版社  2006
页数: 1339页
开本: 21cm
丛书名:
单 册:
中图分类: Z89:H
科图分类:
主题词: 外语--语言学--论文--2000~2004--索引 , 外语 , 语言学
电子资源:
ISBN: 7-81095-992-1
000 01175nam0 2200301 45
001 1132067249
005 20110314091838.12
010    @a7-81095-992-1@b精装@dCNY73.00
100    @a20110122d2006 em y0chiy50 ea
101 0  @achi
102    @aCN@b310000
105    @ay c 000yy
106    @ar
200 1  @a外国语言研究论文索引@AWai Guo Yu Yan Yan Jiu Lun Wen Suo Yin@dAn index to the articles on foreign language studies@e2000-2004@f孙志,周俊,庞志雄主编@FSun Zhi, Zhou Jun, Pang Zhi Xiong Zhu Bian@zeng
210    @a上海@c上海外语教育出版社@d2006
215    @a1339页@d21cm
300    @a高等学校外语学刊研究会
330    @a本书收编2000年至2004年5年间英、俄、日、德、法、西班牙语等六个语种的外国语言研究论文篇目约三万五千条,同时标明这些论文的出处,即具体的发表时间和书刊报纸的名称。
510 1  @aAn Index to the Articles on Foreign Language Studies@zeng
606 0  @a外语@x语言学@x论文@z2000~2004@j索引
606 0  @a外语
606 0  @a语言学
690    @aZ89:H@v4
701  0 @a孙志@ASun Zhi@4主编
701  0 @a周俊@AZhou Jun@4主编
701  0 @a庞志雄@APang Zhi Xiong@4主编
801  0 @aCN@bTANGWEI@c20110314
905    @b0532239-40@dZ89:H@e128@f2
    
    外国语言研究论文索引=An index to the articles on foreign language studies:2000-2004/孙志,周俊,庞志雄主编.-上海:上海外语教育出版社,2006
    1339页;21cm
    高等学校外语学刊研究会
    
    ISBN 7-81095-992-1(精装):CNY73.00
    本书收编2000年至2004年5年间英、俄、日、德、法、西班牙语等六个语种的外国语言研究论文篇目约三万五千条,同时标明这些论文的出处,即具体的发表时间和书刊报纸的名称。
●
相关链接 在E读中查询图书 在五车中查询图书 在当当中查询图书 在豆瓣中查询图书


正题名:外国语言研究论文索引     索取号:Z89:H/128         预约/预借

序号 登录号 条形码 馆藏地/架位号 状态 备注
1 0532239   205322391   第二样本阅览室/ [索取号:Z89:H/128] 在馆    
2 0532240   205322408   第三借阅区/ [索取号:Z89:H/128] 在馆    
唐山师范学院图书馆 欢迎您!
大连网信软件有限公司© 版权所有